Hitman 1-3 Targets - Statistics

General Stats
  • This quiz has been taken 391 times
  • The average score is 32 of 77
Answer Stats
Hint Answer % Correct
The Finish Line Robert Knox
72%
The Showstopper Dalia Margolis
70%
The Finish Line Sierra Knox
70%
Situs Inversus Erich Soders
68%
Another Life Janus
68%
The Showstopper Viktor Novikov
68%
The Ark Society Zoe Washington
67%
World of Tomorrow Silvio Caruso
66%
The Ark Society Sophia Washington
65%
Club 27 Jordan Cross
64%
Situs Inversus Yuki Yamazaki
64%
Freedom Fighters Sean Rose
63%
World of Tomorrow Francesca De Santis
61%
Club 27 Ken Morgan
61%
Three Headed Serpent Rico Delgado
59%
A Guilded Cage Reza Zaydan
58%
Death in The Family Alexa Carlisle
56%
Freedom Fighters Ezra Berg
56%
On Top of The World Carl Ingram
55%
On Top of The World Marcus Stuyvesant
55%
Guided/Freeform Training Kalvin Ritter
54%
A Guilded Cage Claus Hugo Strandberg
53%
Chasing a Ghost Dawood Rangan
53%
Three Headed Serpent Jorge Franco
53%
Another Life Nolan Cassidy
53%
End of an Era Hush
52%
The Final Test Jasper Knight
52%
Freedom Fighters Maya Parvati
52%
Chasing a Ghost Vanya Shah
52%
Nightcall Alma Reynard
51%
Three Headed Serpent Andrea Martinez
51%
The Farewell Don Archibald Yates
51%
Untouchable Arthur Edwards
50%
Last Resort Ljudmila Vetrova
50%
Freedom Fighters Penelope Graves
50%
Apex Predator Agent Montgomery
45%
End of an Era Imogen Royce
45%
Last Resort Steven Bradley
45%
Chasing a Ghost Wazir Kale
45%
Last Resort Tyson Williams
44%
The Farewell Tamara Vidal
42%
The Golden Handshake Athena Savalas
41%
Apex Predator Agent Green
35%
The Icon Dino Bosco
35%
Apex Predator Agent Swan
33%
The Author Brother Akram
31%
Apex Predator Agent Davenport
28%
Apex Predator Agent Thames
28%
The Author Craig Black
28%
The Last Yardbird Doris Lee
28%
Landslide Marco Abiatti
28%
Apex Predator Agent Tremaine
27%
Patient Zero Owen Cage
27%
The Source Sister Yulduz
26%
Apex Predator Agent Price
25%
Apex Predator Agent Chamberlin
24%
House Built on Sand Matthieu Mendola
24%
The Source Oybek Nabazov
24%
Apex Predator Agent Lowenthal
23%
Apex Predator Agent Rhodes
23%
The Vector Bradley Paine
23%
Patient Zero Klaus Liebleid
23%
Crime and Punishment Vitaly Reznikov
23%
Apex Predator Agent Banner
22%
The Last Yardbird Dorian Lang
21%
A Bitter Pill Galen Vholes
20%
Crime and Punishment Roman Khabko
20%
Illusions of Grandeur Basil Carnaby
19%
The Last Yardbird Guillaume Maison
19%
House Built on Sand Kong Tuo Kwang
19%
A Silver Toungue Ajit Krish
17%
Embrace of The Serpent Blair Reddington
16%
Holiday Hoarders Harry Bagnato
16%
The Pen and The Sword Jin Noo
16%
Holiday Hoarders Marv Gonif
16%
The Pen and The Sword Re Thak
16%
The Pen and The Sword Lhom Kwai
15%
No matching quizzes found
Score Distribution
Percent of People with Each Score
Percentile by Number Answered
Your Score History
You have not taken this quiz